Прецеденты Европейского Суда по правам человека (Запис № 319868)

МАРК-запис
000 -Лідер
fixed length control field 00964nam a22002537a 4500
001 - Контрольний номер
control field 33417
003 - Ідентифікатор контрольного номера
control field UA-OsUOA
005 - Дата та час останнього входження (трансакції)
control field 20210723121204.0
007 - Фіксоване поле фізичного опису
fixed length control field ta
008 - Елементи даних фіксованої довжини – загальна інформація
fixed length control field 20050825b un ||||| |||| 00| 0 ukr d
020 ## - Міжнародний стандартний книжковий номер (ISBN)
Міжнародний стандартний книжковий номер (ISBN) (НП) 5-94201-352-7
040 ## - Джерело каталогізації
Агенція оригінальної каталогізації UA-OsUOA
Агенція, яка здійснювала перезапис UA-OsUOA
Агенція, яка здійснювала модифікацію UA-OsUOA
Мова каталогізації ukr
041 ## - Код мови
Код мови тексту/ звукової доріжки чи окремого заголовка (П) ukr
080 ## - Індекс Універсальної десяткової класифікації
Індекс Універсальної десяткової класифікації (УДК) (НП) 341.6:341.231.14
090 ## - Локальний шифр розміщення
Класифікаційний індекс УДК 341.6:341.231.14
Авторський знак (НП) Д25
100 ## - Основне введення – ім’я особи
Ім’я особи (НП) Де Сальвиа М.
245 ## - Відомості про назву
Назва (НП) Прецеденты Европейского Суда по правам человека
246 31 - Інша форма назви
Назва (НП) Руководящие принципы судебной практики, относящейся к Европейской конвенции о защите прав человека и основных свобод
260 ## - Публікація, розповсюдження і т.п. (Вихідні дані)
Місце публікації, розповсюдження і т.п. (П) Санкт-Петербург
Ім’я/ наймення видавництва, розповсюджувача і т.п. (П) Юридический центр Пресс
Дата публікації, розповсюдження і т.п. (П) 2004
300 ## - Фізичний опис
Обсяг 1072 с.
650 #7 - Додаткове предметне введення – тематичний термін
Тематичний термін чи географічна назва, як елемент введення (НП) 341 Міжнародне право
Джерело заголовка чи терміна UDC
942 ## - Додаткові елементи входу (Коха)
Тип елемента Koha Книги
Source of classification or shelving scheme Universal Decimal Classification
955 ## - Код типу видання за змістом
Код типу видання за змістом (НП) Навчальні видання
Фонди
Стан вилучень Стан втрат Джерело класифікації або схеми стелажів Стан уражень Не для кредиту Постійне місце розташування Поточне розміщення Дата придбання Інвентарний номер Усього замовленно Повний номер виклику Штрих-код Дата останнього перегляду Дата останньої перевірки Ціна ефективна від Тип елемента Koha
    Universal Decimal Classification     ЧЗ - Читальна зала ЧЗ - Читальна зала 25/08/2005 83673 2 341.6:341.231.14 Д25 83673 21/02/2022 23/07/2021 25/08/2005 Книги